00547nam a22001697a 450000500170000001000130001702000140003003500110004403700130005508200080006810000380007624500770011424600660019126000370025727000600029430000230035420210426105858.0 aUR-11097 c330.00a- aU-9652 bDBAD/PUB a841 aمو لف:يو سف بہز ا د  aشعو ر غم شعو ر بند گی cمو لف:يو سف بہز ا د  aShaor-e-Gham Shaor-e-Bandagi (Urdu)bby Mohd. Yousuf Behzaad  aNew Delhic2021ءbApplied Books a1739/104, Darya Ganj Patoudi House bN Delhie110002l- a280 ص c22 Cm(Hb)